Questions on Banking Practice in South Africa (Record no. 93)

MARC details
000 -LEADER
fixed length control field 00548nam a22001817a 4500
005 - DATE AND TIME OF INPUT
control field 20231026134113.0
008 - DATA ELEMENTS--GENERAL INFORMATION
fixed length control field 231026b |||||||| |||| 00| 0 eng d
020 ## - INTERNATIONAL STANDARD BOOK NUMBER
International Standard Book Number 0620055057
041 ## - LANGUAGE CODE
Language code of text English
082 ## - SHELF NUMBER
DDC number 346.7 QUE
100 ## - MAIN AUTHOR
Language of a work Engllish
245 ## - TITLE STATEMENT
Title Questions on Banking Practice in South Africa
250 ## - EDITION STATEMENT
Edition statement Sixth Edition
260 ## - PUBLICATION, DISTRIBUTION, ETC.
Place of publication, distribution, etc. Johannesburg :
Name of publisher, distributor, etc. The Institute of Bankers in South Africa,
Date of publication, distribution, etc. 1981
300 ## - PHYSICAL DESCRIPTION
Other physical details viii, 269 pages ;
Dimensions 22 cm.
650 ## - SUBJECT`
Broad subject Legal practice
Own subject terms Law
942 ## - ADDED ENTRY ELEMENTS (KOHA)
Item type Books
942 ## - ADDED ENTRY ELEMENTS (KOHA)
-- ALISON_BN_VRIES
Holdings
Source of classification or shelving scheme Not for loan Collection code Home library Current library Shelving location Date acquired Full call number Barcode Price effective from Koha item type
Dewey Decimal Classification   TEXT BOOKS LAW SOCIETY OF NAMIBIA LIBRARY - WINDHOEK LAW SOCIETY OF NAMIBIA LIBRARY - WINDHOEK INSOLVENCY AND INSURANCE 10/26/2023 346.7 QUE LSN/1987/51 10/26/2023 Books